000 00801nam a2200229 i 4500
001 115019
003 ES-MaACL
005 20230906190316.0
007 t|
008 070219s1925 sp ||||1| spa d
100 1 _aDelaporte, Louis.
_943319
245 1 0 _aMesopotamia
_b: las civilizaciones babilónica y asiria /
_cpor L. Delaporte ; traducción de Modesto Jiménez de Bentrosa.
260 _aBarcelona :
_bCervantes,
_c1925.
300 _aXIII, 464 p. ;
_c21 cm.
490 1 _aLa evolución de la humanidad ;
_v8
500 _aCon un mapa y 59 figuras en el texto.
650 1 4 _aCivilización asirio-babilónica.
_911091
700 1 _aJiménez de Bentrosa, Modesto.
_966493
830 0 _aLa evolución de la humanidad ;
_v8
_9185926
852 _aES-MaACL
_jC-29084
999 _c115019
_d115019